000 01071nam a22003011 4500
001 143791
003 SpMaBN
005 20250630060247.0
008 981210s1957 sp spa
016 7 _abimoBNE20000214962
_zIND9800834607
_2SpMaBN
035 _a(OCoLC)432731205
040 _aSpMaBN
_bspa
_cCDM
_dES-MaACL
080 _a82-311.2"19"
100 _aShellabarger, Samuel
_d1888-1954
_0XX1120887
_9227308
245 1 3 _aEl gran árbol /
_cSamuel Shellabarger ; [versión de Vicente de Artadi]
260 _aBarcelona :
_bExito ;
_b[Duplex,
_c1957]
300 _a341 p. ;
_c21 cm
650 0 _9227278
_aLiteratura norteamericana
_yS. XX
655 7 _aNovelas históricas
_2tgfbne
_9226782
700 1 _aArtadi, Vicente de
_923414
852 _aES-MaACL
_bR.41378
_9148987
_cFICH
_jC-14508
942 _2udc
956 _a1 2
980 _aTela amarilla
_aSpMaBN
_bBNMADRID
_j7/28021
_uProc. Dep. Legal
_cSG_RECOLET
980 _aSpMaBN
_bBNALCALA
_jAHM/576649
_cSG_PETANTI
980 _aSpMaBN
_bBNALCALA
_jAHM/657818
_cSG_PETANTI
999 _c143791
_d143791